| 000 | 00486nam a2200193 4500 | ||
|---|---|---|---|
| 003 | OSt | ||
| 008 | 241005b |||||||| |||| 00| 0 eng d | ||
| 020 | _a97881196131785 | ||
| 041 | _amal | ||
| 082 |
_a320.54 _bCHA/VA |
||
| 100 |
_aChandra, Bipin _96312 |
||
| 245 | _aVargeeyatha / | ||
| 250 | _a1st ed. | ||
| 260 |
_aThiruvananthapuram : _bChintha Publishers, _c2024. |
||
| 300 | _a128p. | ||
| 650 |
_aPolitics _96280 |
||
| 700 |
_aSarathkumar G L - translator. _96304 |
||
| 942 | _cBK | ||
| 999 |
_c18134 _d18134 |
||